[Event "CHN-chT"]
[Site "Qingdao"]
[Date "2024.04.10"]
[Round "9.3"]
[White "Xu, Jun"]
[Black "Huang, Renjie"]
[Result "1-0"]
[WhiteElo "2465"]
[BlackElo "2487"]
[PlyCount "96"]
[EventDate "2024.04.02"]
[EventType "team-swiss"]
[EventRounds "9"]
[EventCountry "CHN"]
[SourceTitle "CB16_2024"]
[SourceDate "2024.04.17"]
[SourceVersion "1"]
[SourceVersionDate "2024.04.17"]
[SourceQuality "1"]
[WhiteTeam "Jiangsu"]
[BlackTeam "Shandong"]
[WhiteTeamCountry "CHN"]
[BlackTeamCountry "CHN"]

1. Nf3 d5 2. d4 Nf6 3. c4 e6 4. Bg5 dxc4 5. Nc3 a6 6. e4 b5 7. e5 h6 8. Bh4 g5 9. Nxg5 hxg5 10. Bxg5 Nbd7 11. Be2 Rg8 12. Bxf6 Nxf6 13. exf6 Qxf6 14. Bf3 Rb8 15. a4 bxa4 16. Qxa4+ Kd8 17. Qc2 Bd6 18. Rd1 Bd7 19. Qe2 a5 20. Ne4 Bb4+ 21. Nc3 Bd6 22. Ne4 Qf5 23. Nxd6 cxd6 24. 0-0 Ke7 25. d5 Rxb2 26. Qxb2 Qxf3 27. g3 e5 28. Qb7 Rc8 29. Rde1 Rc5 30. Rxe5+ Kf6 31. Re3 Qf5 32. Qb2+ Kg6 33. Qh8 Rxd5 34. Qg8+ Kf6 35. Qd8+ Kg7 36. g4 Qf6 37. Qxd7 c3 38. Qc6 Rc5 39. Qf3 d5 40. Rc1 d4 41. Rd3 Qxf3 42. Rxf3 a4 43. Kf1 Rb5 44. Rf5 Rb2 45. Ra5 Ra2 46. Kg2 Rd2 47. Rxa4 c2 48. Kf3 d3 1-0

[Event "CHN-chT"]
[Site "Qingdao"]
[Date "2024.04.07"]
[Round "6.3"]
[White "Xie, Kaifan"]
[Black "Huang, Renjie"]
[Result "1/2-1/2"]
[WhiteElo "2393"]
[BlackElo "2487"]
[PlyCount "54"]
[EventDate "2024.04.02"]
[EventType "team-swiss"]
[EventRounds "9"]
[EventCountry "CHN"]
[SourceTitle "CB16_2024"]
[SourceDate "2024.04.17"]
[SourceVersion "1"]
[SourceVersionDate "2024.04.17"]
[SourceQuality "1"]
[WhiteTeam "Hangzhou"]
[BlackTeam "Shandong"]
[WhiteTeamCountry "CHN"]
[BlackTeamCountry "CHN"]

1. d4 d5 2. c4 c6 3. cxd5 cxd5 4. Bf4 Nc6 5. e3 Nf6 6. Nc3 Bf5 7. Nf3 e6 8. Qb3 Bb4 9. Bb5 0-0 10. Bxc6 Bxc3+ 11. Qxc3 Rc8 12. Ne5 Nh5 13. Qa3 Nxf4 14. exf4 bxc6 15. Rc1 f6 16. Nxc6 Qd7 17. Qc5 Rfe8 18. Kd2 Kh8 19. b4 a6 20. a4 Bb1 21. Rhe1 Ba2 22. b5 Bc4 23. f3 Ra8 24. Ra1 Rac8 25. Rac1 Ra8 26. Ra1 Rac8 27. Rac1 Ra8 1/2-1/2

[Event "CHN-chT"]
[Site "Qingdao"]
[Date "2024.04.03"]
[Round "2.3"]
[White "Wang, Yinuo"]
[Black "Huang, Renjie"]
[Result "0-1"]
[WhiteElo "1705"]
[BlackElo "2487"]
[PlyCount "52"]
[EventDate "2024.04.02"]
[EventType "team-swiss"]
[EventRounds "9"]
[EventCountry "CHN"]
[SourceTitle "CB16_2024"]
[SourceDate "2024.04.17"]
[SourceVersion "1"]
[SourceVersionDate "2024.04.17"]
[SourceQuality "1"]
[WhiteTeam "Anhui"]
[BlackTeam "Shandong"]
[WhiteTeamCountry "CHN"]
[BlackTeamCountry "CHN"]

1. d4 Nf6 2. c4 e6 3. g3 d5 4. Nf3 Nc6 5. Bg2 dxc4 6. Qa4 Bb4+ 7. Bd2 Nd5 8. 0-0 Nb6 9. Qc2 a5 10. Rd1 0-0 11. Bf4 Bd6 12. Ne5 Bd7 13. Nxc6 Bxc6 14. Bxc6 bxc6 15. Nd2 Bxf4 16. gxf4 Qh4 17. e3 Qg4+ 18. Kf1 Qh3+ 19. Kg1 Rab8 20. Qe4 Na4 21. Nxc4 Nxb2 22. Nxb2 Rxb2 23. Rdc1 Rfb8 24. Qxc6 Rxf2 25. Kxf2 Rb2+ 26. Rc2 Rxc2+ 0-1

[Event "Moscow Aeroflot op-A"]
[Site "Moscow"]
[Date "2024.03.06"]
[Round "8"]
[White "Huang, Renjie"]
[Black "Davtyan, Arsen"]
[Result "0-1"]
[WhiteElo "2513"]
[BlackElo "2413"]
[PlyCount "84"]
[EventDate "2024.03.03"]
[EventType "swiss"]
[EventRounds "9"]
[EventCountry "RUS"]
[SourceTitle "CB11_2024"]
[SourceDate "2024.03.13"]
[SourceVersion "1"]
[SourceVersionDate "2024.03.13"]
[SourceQuality "1"]

1. e4 e5 2. Nf3 Nc6 3. Bc4 Bc5 4. c3 Nf6 5. d4 exd4 6. e5 d5 7. Bb5 Ne4 8. cxd4 Bb6 9. Nc3 Bg4 10. Be3 0-0 11. h3 Bh5 12. Qc2 Nxc3 13. bxc3 f6 14. exf6 Qxf6 15. Nh2 Bg6 16. Qd2 Ne7 17. Ng4 Qe6 18. 0-0 c6 19. Bd3 Bxd3 20. Qxd3 Bc7 21. Rab1 b5 22. Rbe1 Qf5 23. Qxf5 Nxf5 24. Ne5 Bxe5 25. dxe5 Nxe3 26. Rxe3 Kf7 27. f4 Ke6 28. g4 g6 29. h4 a5 30. h5 b4 31. hxg6 hxg6 32. Kg2 c5 33. Kg3 c4 34. Kh4 bxc3 35. Rxc3 Rac8 36. Ra3 Rc5 37. Kg3 d4 38. Rd1 c3 39. Kf3 g5 40. f5+ Kxe5 41. Ke2 Rh8 42. Kd3 c2 0-1

[Event "Belt and Road op 3rd"]
[Site "Qinhuangdao"]
[Date "2023.11.21"]
[Round "4"]
[White "Zhang, Pengxiang"]
[Black "Huang, Renjie"]
[Result "1/2-1/2"]
[WhiteElo "2557"]
[BlackElo "2488"]
[PlyCount "105"]
[EventDate "2023.11.19"]
[EventType "swiss"]
[EventRounds "9"]
[EventCountry "CHN"]
[SourceTitle "CB48_2023"]
[SourceDate "2023.11.29"]
[SourceVersion "1"]
[SourceVersionDate "2023.11.29"]
[SourceQuality "1"]

1. e4 c5 2. Nf3 d6 3. d4 cxd4 4. Nxd4 Nf6 5. Nc3 a6 6. Bg5 e6 7. Qe2 Be7 8. h4 b5 9. a3 Bb7 10. 0-0-0 Nbd7 11. g4 Rc8 12. Bxf6 Bxf6 13. g5 Bxd4 14. Rxd4 Rxc3 15. bxc3 Qa5 16. Kb2 Nc5 17. Rh3 Na4+ 18. Kb3 e5 19. Rxd6 Bc8 20. Re3 Ke7 21. Rd5 Be6 22. Bh3 Rc8 23. Bxe6 fxe6 24. Rdd3 Nb6 25. Qd1 Nc4 26. Qc1 Qa4+ 27. Ka2 b4 28. cxb4 Nxe3 29. Qxe3 Qxc2+ 30. Ka1 Rc7 31. Qd2 Qxd2 32. Rxd2 Rc4 33. Re2 Rc3 34. Kb2 Rh3 35. a4 Rxh4 36. Kb3 Kd6 37. f3 Rh5 38. Rc2 Rxg5 39. b5 axb5 40. axb5 Rg1 41. Kb4 h5 42. b6 h4 43. Ka5 h3 44. b7 Rb1 45. Ka6 Kd7 46. Ka7 Ra1+ 47. Kb8 Ra3 48. Rc7+ Kd8 49. Rc8+ Kd7 50. Rc7+ Kd8 51. Rc8+ Kd7 52. Rc7+ Kd8 53. Rc8+ 1/2-1/2

[Event "Biel HTO 56th"]
[Site "Biel"]
[Date "2023.07.26"]
[Round "9"]
[White "Eidelman, Gabriel"]
[Black "Huang, Renjie"]
[Result "0-1"]
[WhiteElo "2204"]
[BlackElo "2445"]
[PlyCount "132"]
[EventDate "2023.07.17"]
[EventType "swiss"]
[EventRounds "10"]
[EventCountry "SUI"]
[SourceTitle "CBM 215 Extra"]
[Source "ChessBase"]
[SourceDate "2023.09.30"]
[SourceVersion "1"]
[SourceVersionDate "2023.09.30"]
[SourceQuality "1"]

1. d4 Nf6 2. c4 g6 3. f3 c5 4. d5 e6 5. Nc3 d6 6. e4 exd5 7. cxd5 a6 8. a4 Bg7 9. Nge2 0-0 10. Ng3 Nbd7 11. Be2 Rb8 12. 0-0 Ne8 13. Be3 Nc7 14. f4 b5 15. e5 bxa4 16. Nce4 dxe5 17. f5 Nf6 18. fxg6 hxg6 19. Bxc5 Nxe4 20. Nxe4 Re8 21. Nd6 Bf8 22. Ne4 Bxc5+ 23. Nxc5 Qxd5 24. Qxd5 Nxd5 25. Bc4 Nf4 26. Rae1 Bf5 27. Nxa6 Rbc8 28. Bb5 Re6 29. Bd7 Rxa6 30. Bxc8 Bxc8 31. Rxe5 Ne6 32. Rb5 Bd7 33. Rb8+ Kg7 34. Rd1 Ra7 35. Rc1 Nf4 36. Rc4 Nd5 37. Kf2 Be6 38. Rd4 Kf6 39. Rd2 Ne7 40. Rb6 Kg7 41. Rbd6 Ra5 42. R6d4 Nc6 43. Re4 Bb3 44. g4 Ne5 45. Kg3 Nc4 46. Rf2 Rd5 47. h4 Rd1 48. h5 Nd6 49. Re5 Rd4 50. hxg6 Kxg6 51. Rf4 Rd2 52. g5 Kg7 53. Rf6 Nc4 54. Re7 Nxb2 55. Ra6 Rd1 56. Kh2 Rd5 57. g6 Rh5+ 58. Kg3 Rg5+ 59. Kf4 Rxg6 60. Rxg6+ Kxg6 61. Re3 Nc4 62. Rc3 f6 63. Rg3+ Kf7 64. Rc3 Ke6 65. Ke4 a3 66. Rxb3 a2 0-1

[Event "CHN-chT DivA"]
[Site "Fuling"]
[Date "2023.06.11"]
[Round "6.4"]
[White "Huang, Renjie"]
[Black "Chen, Yuan1111"]
[Result "1-0"]
[WhiteElo "2406"]
[BlackElo "2159"]
[PlyCount "75"]
[EventDate "2023.06.05"]
[EventType "team-tourn"]
[EventRounds "11"]
[EventCountry "CHN"]
[SourceTitle "CBM 214 Extra"]
[Source "ChessBase"]
[SourceDate "2023.07.31"]
[SourceVersion "1"]
[SourceVersionDate "2023.07.31"]
[SourceQuality "1"]
[WhiteTeam "Shandong"]
[BlackTeam "Zhejiang Shaoxing"]
[WhiteTeamCountry "CHN"]
[BlackTeamCountry "CHN"]

1. e4 c5 2. Nf3 d6 3. d4 cxd4 4. Nxd4 Nf6 5. Nc3 a6 6. Bd3 e5 7. Nde2 Be7 8. 0-0 0-0 9. Ng3 Nc6 10. Nd5 Nxd5 11. exd5 Nb4 12. Bf5 a5 13. c3 Na6 14. f4 Bh4 15. fxe5 Bxg3 16. hxg3 dxe5 17. Be3 Qd6 18. c4 Bxf5 19. Rxf5 b5 20. cxb5 Nb4 21. Rc1 Rac8 22. Rxc8 Rxc8 23. Rf2 Nxd5 24. Rd2 Nxe3 25. Rxd6 Nxd1 26. Rxd1 f6 27. Rd7 h5 28. b6 Kh7 29. b7 Rb8 30. a4 e4 31. Kf2 h4 32. gxh4 f5 33. b4 axb4 34. a5 b3 35. a6 b2 36. Rd1 Rd8 37. Rb1 f4 38. Rxb2 1-0

[Event "CHN-chT"]
[Site "Hangzhou"]
[Date "2023.05.19"]
[Round "1.1"]
[White "Li, Zhanjia"]
[Black "Huang, Renjie"]
[Result "0-1"]
[WhiteElo "1770"]
[BlackElo "2397"]
[PlyCount "46"]
[EventDate "2023.05.19"]
[EventType "team-swiss"]
[EventRounds "9"]
[EventCountry "CHN"]
[SourceTitle "CBM 214 Extra"]
[Source "ChessBase"]
[SourceDate "2023.07.31"]
[SourceVersion "1"]
[SourceVersionDate "2023.07.31"]
[SourceQuality "1"]
[WhiteTeam "Hebei"]
[BlackTeam "Shandong"]
[WhiteTeamCountry "CHN"]
[BlackTeamCountry "CHN"]

1. e4 c5 2. Nf3 d6 3. d4 cxd4 4. Nxd4 Nf6 5. Nc3 a6 6. Be2 e5 7. Nb3 Be7 8. 0-0 0-0 9. Be3 Be6 10. f4 exf4 11. Rxf4 Nc6 12. Nd5 Ne5 13. a4 Ng6 14. Rf1 Nxe4 15. Qd4 Nf6 16. Nxe7+ Qxe7 17. Bf3 Rac8 18. Na5 Rxc2 19. Nxb7 Nd5 20. Bxd5 Bxd5 21. Qxd5 Qxe3+ 22. Kh1 Nf4 23. Qxd6 Qe4 0-1

[Event "China zt 3.5"]
[Site "Shenzhen"]
[Date "2023.04.09"]
[Round "5"]
[White "Huang, Renjie"]
[Black "Wu, Yixing"]
[Result "1-0"]
[WhiteElo "2413"]
[BlackElo "1972"]
[PlyCount "85"]
[EventDate "2023.04.05"]
[EventType "swiss"]
[EventRounds "9"]
[EventCountry "CHN"]
[SourceTitle "CBM 213 Extra"]
[Source "ChessBase"]
[SourceDate "2023.05.31"]
[SourceVersion "1"]
[SourceVersionDate "2023.05.31"]
[SourceQuality "1"]

1. e4 c5 2. Nf3 d6 3. d4 cxd4 4. Nxd4 Nf6 5. Nc3 Nc6 6. Bc4 Qb6 7. Nxc6 bxc6 8. Bb3 g6 9. Be3 Qc7 10. f3 Bg7 11. Qd2 Be6 12. 0-0-0 Rd8 13. e5 Nd5 14. exd6 Qxd6 15. Nxd5 cxd5 16. Bd4 0-0 17. Bxg7 Kxg7 18. Qd4+ Kg8 19. Qxa7 d4 20. Bxe6 Qxe6 21. Rhe1 Qc4 22. Qa3 Ra8 23. Qb3 Qc5 24. a3 Rfb8 25. Qd3 e5 26. f4 Qb6 27. b4 exf4 28. Qxd4 Qxd4 29. Rxd4 Rxa3 30. Kb2 Re3 31. Red1 g5 32. Rd8+ Rxd8 33. Rxd8+ Kg7 34. b5 Kf6 35. c4 g4 36. b6 f3 37. gxf3 gxf3 38. b7 f2 39. Rd1 Re8 40. c5 Re1 41. b8Q f1Q 42. Qd6+ Kf5 43. Rd5+ 1-0

[Event "China zt 3.5"]
[Site "Shenzhen"]
[Date "2023.04.08"]
[Round "4"]
[White "Chen, Hongsen"]
[Black "Huang, Renjie"]
[Result "1/2-1/2"]
[WhiteElo "2002"]
[BlackElo "2413"]
[PlyCount "93"]
[EventDate "2023.04.05"]
[EventType "swiss"]
[EventRounds "9"]
[EventCountry "CHN"]
[SourceTitle "CBM 213 Extra"]
[Source "ChessBase"]
[SourceDate "2023.05.31"]
[SourceVersion "1"]
[SourceVersionDate "2023.05.31"]
[SourceQuality "1"]

1. d4 Nf6 2. c4 e6 3. Nf3 d5 4. Nc3 c6 5. cxd5 exd5 6. Bg5 Be7 7. e3 Bf5 8. Bd3 Bxd3 9. Qxd3 Nbd7 10. 0-0 0-0 11. Qf5 Re8 12. h3 Ne4 13. Bxe7 Qxe7 14. Nxe4 dxe4 15. Nd2 Rad8 16. Qa5 a6 17. Rac1 Nf6 18. Rc5 b6 19. Qxb6 Nd7 20. Qa5 Nxc5 21. dxc5 Rd5 22. Nb3 Qb7 23. Rc1 Red8 24. Qb6 Rd1+ 25. Rxd1 Rxd1+ 26. Kh2 Qe7 27. Nd4 Qe5+ 28. g3 h5 29. Kg2 Qf6 30. Qb4 Rc1 31. Qb6 Rb1 32. Qb3 Qe5 33. Qc2 Ra1 34. b3 Qd5 35. h4 f6 36. a4 Kf7 37. Kh2 g5 38. Qb2 Rd1 39. Qe2 Rxd4 40. Qxh5+ Kg7 41. exd4 Qxd4 42. Kg2 Qxc5 43. hxg5 fxg5 44. Qe8 Qd5 45. Kh3 Qf5+ 46. Kg2 Qd5 47. Kh3 1/2-1/2

[Event "CHN-chT"]
[Site "Nanjing"]
[Date "2023.02.21"]
[Round "8.3"]
[White "Zhao, Yuanhe"]
[Black "Huang, Renjie"]
[Result "1/2-1/2"]
[WhiteElo "2437"]
[BlackElo "2455"]
[PlyCount "60"]
[EventDate "2023.02.14"]
[EventType "team-swiss"]
[EventRounds "9"]
[EventCountry "CHN"]
[SourceTitle "CBM 212 Extra"]
[Source "ChessBase"]
[SourceDate "2023.03.31"]
[SourceVersion "1"]
[SourceVersionDate "2023.03.31"]
[SourceQuality "1"]
[WhiteTeam "Chengdu"]
[BlackTeam "Shandong"]
[WhiteTeamCountry "CHN"]
[BlackTeamCountry "CHN"]

1. Nf3 Nf6 2. c4 e6 3. g3 d5 4. Bg2 dxc4 5. Qa4+ Nbd7 6. Qxc4 c5 7. 0-0 b6 8. d4 Bb7 9. Nc3 Rc8 10. Rd1 a6 11. dxc5 Bxc5 12. Qd3 b5 13. Ng5 Bxg2 14. Kxg2 Qb6 15. Bf4 Qb7+ 16. Qf3 Qxf3+ 17. Kxf3 Ke7 18. Nge4 Nxe4 19. Nxe4 e5 20. Nxc5 Rxc5 21. Bd2 Rc6 22. Bb4+ Ke6 23. Rac1 Rhc8 24. Rd6+ Rxd6 25. Rxc8 Rd4 26. Re8+ Kf5 27. Bc3 Rd6 28. e4+ Kf6 29. Ke2 Re6 30. Rd8 Rd6 1/2-1/2